000 00412nam a2200181Ia 4500
001 21434
005 20260306172919.0
008 260306t2008||||xx |||||||||||||| ||spa||
041 _aESP
082 _a345
_bD59
100 _aFlorian, Eugene
_eAUT
245 0 _aElementos de derecho procesal penal
260 _c2008
300 _a
_c28 cm.
650 _aGEN
654 _aCDE
942 _cLIB
_dJUS
_fJUS
_2ddc
_n
999 _c21434
_d21434